Statistics for Australian Regional Endemic Birds

Click here to take the quiz!

General Stats

  • This quiz has been taken 7 times
    (5 since last reset)
  • The average score is 25 of 65

Answer Stats

HintAnswer% Correct
TasmaniaDusky Robin
80%
TasmaniaGreen Rosella
80%
TasmaniaTasmanian Native-hen
80%
Western AustraliaWestern Corella
80%
TasmaniaBlack Currawong
60%
Western AustraliaBlack Grasswren
60%
TasmaniaBlack-headed Honeyeater
60%
South AustraliaChestnut-breasted Whiteface
60%
Northern TerritoryChestnut-quilled Rock-Pigeon
60%
QueenslandGolden Bowerbird
60%
QueenslandKalkadoon Grasswren
60%
Western AustraliaNoisy Scrub-bird
60%
New South WalesRockwarbler
60%
TasmaniaScrubtit
60%
TasmaniaStrong-billed Honeyeater
60%
TasmaniaTasmanian Scrubwren
60%
TasmaniaTasmanian Thornbill
60%
QueenslandVictoria's Riflebird
60%
Western AustraliaWestern Bristlebird
60%
Western AustraliaWestern Rosella
60%
Western AustraliaWestern Spinebill
60%
Western AustraliaWestern Wattlebird
60%
TasmaniaYellow-throated Honeyeater
60%
TasmaniaYellow Wattlebird
60%
Northern TerritoryBanded Fruit-Dove
40%
Western AustraliaBaudin's Black-Cockatoo
40%
QueenslandBlack-throated Finch
40%
QueenslandBuff-breasted Button-quail
40%
Western AustraliaCarnaby's Black-Cockatoo
40%
QueenslandChowchilla
40%
QueenslandEungella Honeyeater
40%
QueenslandFernwren
40%
TasmaniaForty-spotted Pardalote
40%
Western AustraliaGilbert's Honeyeater
40%
QueenslandGolden-shouldered Parrot
40%
Northern TerritoryHooded Parrot
40%
QueenslandNorthern Scrub-robin
40%
Western AustraliaRed-capped Parrot
40%
Western AustraliaRed-winged Fairy-wren
40%
South AustraliaShort-tailed Grasswren
40%
QueenslandSpotted Catbird
40%
Western AustraliaWestern Thornbill
40%
Northern TerritoryWhite-throated Grasswren
40%
QueenslandAtherton Scrubwren
20%
QueenslandCryptic Honeyeater
20%
Western AustraliaDusky Gerygone
20%
QueenslandGrey-headed Robin
20%
QueenslandLovely Fairy-wren
20%
QueenslandMacleay's Honeyeater
20%
QueenslandMountain Thornbill
20%
QueenslandOpalton Grasswren
20%
QueenslandPied Monarch
20%
Northern TerritoryWhite-lined Honeyeater
20%
QueenslandYellow Honeyeater
20%
QueenslandYellow-spotted Honeyeater
20%
QueenslandAustralian Swiftlet
0%
QueenslandBower's Shrike-thrush
0%
QueenslandBridled Honeyeater
0%
QueenslandFrill-necked Monarch
0%
Western AustraliaKimberley Honeyeater
0%
Western AustraliaRed-eared Firetail
0%
QueenslandTooth-billed Bowerbird
0%
Western AustraliaWestern Fieldwren
0%
Western AustraliaWhite-breasted Robin
0%
QueenslandWhite-streaked Honeyeater
0%

Score Distribution

Percentile by Number Answered

Percent of People with Each Score

Your Score History

You have not taken this quiz since the last reset